000 00966nam a22002297a 4500
003 OSt
005 20250924102238.0
008 240301b ||||| |||| 00| 0 eng d
040 _c0
082 _aDPer 621.317 Ie21 June 2022 v. 37 n. 6
100 _aZhou, Wei.
_eauthor.
_953924
245 _aDesign and analysis of a CPT system with extendable pairs of electric field couplers /
_cWei Zhou, Qiao Gao, Ruikun Mai, Zhengyou He, amd Aiguo Patrick Hu.
260 _aNew York ;
_bThe Institute of Electrical and Electronics Engineers, Inc. ,
_cJune 2022.
300 _aVolume 37, pages 7443-7455 :
_billustration ;
_c29 cm.
500 _aIEEE Transactions on Power Electronics, vol. 37, no. 6, pages 7443-7455, June 2022.
700 _aZhou, Wei.
_eauthor.
_953924
700 _aGao, Qiao.
_eauthor.
_953925
700 _aMai, Ruikun.
_eauthor.
_953926
700 _aHe, Zhengyou.
_eauthor.
_953927
700 _aHu, Aiguo Patrick.
_eauthor.
_953928
942 _2ddc
_cPER
999 _c19506
_d19506